000 00584nam a2200193 i 4500
001 71646
003 ES-MaACL
005 20230906171204.0
007 t|
008 040813s1839 be |||| | fre d
100 1 _aGerando, Joseph-Marie
_cBarón de.
_956399
245 1 0 _aDe la bienfaisance publique /
_cpar le Bon. de Gerando.
250 _aNouvelle ed.
260 _aBruxelles :
_bHauman,
_c1839 (
_fImp. de Mortier)
300 _a2 v. ;
_c24 cm.
650 0 4 _aNiños-
_xServicios sociales.
_9146655
650 4 _aBeneficencia-
_zFrancia.
_9135685
852 _aES-MaACL
_jC-3588-89
999 _c71646
_d71646